Central Library OPAC University of Rajshahi

MICROPROPAGATION AND GENETIC TRANSFORMATION IN POTATO : (Record no. 83662)

MARC details
000 -LEADER
fixed length control field 00998nam a2200253 a 4500
001 - CONTROL NUMBER
RUCL Control Number 83662
003 - CONTROL NUMBER IDENTIFIER
rucl marc code BD-RjUL
005 - DATE AND TIME OF LATEST TRANSACTION
control field 20240507101620.0
008 - FIXED-LENGTH DATA ELEMENTS--GENERAL INFORMATION
fixed length control field 240507s2004 bg a|||| m||| 00| 0 eng d
035 ## - SYSTEM CONTROL NUMBER
system control number (BD-RjUL)83662
040 ## - CATALOGING SOURCE
Original cataloging agency BD-RjUL
Language of cataloging eng
Transcribing agency BD-RjUL
Modifying agency BD-RjUL
041 ## - LANGUAGE CODE
Language code of Book eng
082 ## - DEWEY DECIMAL CLASSIFICATION NUMBER
DDC Edition number 23
Classification number 635.21
Author mark and Year KHM 2004
100 ## - MAIN ENTRY--PERSONAL NAME
Personal name KHATUN, NURUNNAHAR
9 (RLIN) 12868
245 ## - TITLE STATEMENT
Title MICROPROPAGATION AND GENETIC TRANSFORMATION IN POTATO :
Remainder of title SOLANUM TUBEROSUM L. /
Statement of responsibility, etc NURUNNAHAR KHATUN
Name of Supervisor/Co-Supervisor Supervisors : M. A. Bari Miah & A. K. M. Rafiul Islam
260 ## - PUBLICATION, DISTRIBUTION, ETC. (IMPRINT)
Place of publication, distribution, etc Rajshahi :
Name of publisher, distributor, etc INSTITUTE OF BIOLOGICAL SCIENCES,UNIVERSITY OF RAJSHAHI
Date of publication, distribution, etc 2004
300 ## - PHYSICAL DESCRIPTION
Pagination [7], v, 193, [2] leaves :
Other physical details ill.;
Dimensions 29 cm.
502 ## - DISSERTATION NOTE
Dissertation note Thesis (Ph.D.) -- Institute of Biological Sciences, University of Rajshahi,2004
504 ## - BIBLIOGRAPHY, ETC. NOTE
Bibliography, etc References : Leaves 174-193
651 ## - SUBJECT ADDED ENTRY--GEOGRAPHIC NAME
Geographic name Potato
General subdivision Micropropagation
9 (RLIN) 12869
700 ## - ADDED ENTRY--SUPERVISOR/CO-SUPERVISOR NAME
Personal name Miah, M. A. Bari, Supervisors
9 (RLIN) 12870
Personal name Islam, A. K. M. Rafiul, Supervisors
9 (RLIN) 12871
942 ## - ADDED ENTRY ELEMENTS (KOHA)
Source of classification or shelving scheme Dewey Decimal Classification
Koha item type Theses
Holdings
Source of classification or shelving scheme Damaged status Not for loan Collection code Permanent Location Current Location Shelving location Date of accession Source of acquisition Total Checkouts Full call number Barcode Date last seen Copy number Thesis
Dewey Decimal Classification   Not For Loan Theses Central Library, University of Rajshahi Central Library, University of Rajshahi Documentation Section 19/07/2005 Controller of Exam. R.U.   THE 635.21 KHM 2004 D2399 07/05/2024 C-1 Theses